Huelgas democratizadoras : la rebelión estudiantil en el Instituto Tecnológico de Costa Rica (1980-1982) /
Збережено в:
| Автор: | |
|---|---|
| Формат: | Книга |
| Мова: | Spanish |
| Опубліковано: |
San José, Costa Rica :
CIHAC,
2019.
|
| Редагування: | 1. edición |
| Предмети: | |
| Теги: |
Додати тег
Немає тегів, Будьте першим, хто поставить тег для цього запису!
|
MARC
| LEADER | 00000nam a22000007a 4500 | ||
|---|---|---|---|
| 008 | 230130b |||||||| |||| 00| 0 spa d | ||
| 020 | |a 9789968468138 | ||
| 041 | |a spa | ||
| 082 | |a 378.198. |b M722h | ||
| 100 | 1 | |a Molina Jiménez, Iván |d 1961- | |
| 245 | 1 | 0 | |a Huelgas democratizadoras : |b la rebelión estudiantil en el Instituto Tecnológico de Costa Rica (1980-1982) / |c Iván Molina Jiménez. |
| 250 | |a 1. edición | ||
| 260 | 1 | |a San José, Costa Rica : |b CIHAC, |c 2019. | |
| 300 | |a xxiv, 193 páginas : |b 1 ilustración en blanco y negro, gráficos en blanco y negro. | ||
| 610 | 2 | 4 | |a Instituto Tecnológico de Costa Rica |x HISTORIA |
| 650 | 0 | 7 | |a MOVIMIENTOS ESTUDIANTILES |x HISTORIA |z COSTA RICA |
| 650 | 0 | 7 | |a ESTUDIANTES UNIVERSITARIOS |z COSTA RICA |
| 650 | 0 | 7 | |a ENSEÑANZA SUPERIOR |x HISTORIA |z COSTA RICA |
| 942 | |2 ddc |c BK | ||
| 999 | |c 22252 |d 22252 | ||



